• 首页
  • 本馆介绍
  • 公告通知
  • 最新文献
  • 馆藏检索
  • 电子资源
  • 读者导购
  • 参考咨询
  • 我的图书馆
  • 登录
  • 详细信息显示
  • 放入我的书架
  • 预约/预借图书
  • 作者相关作品
  • 分类相关作品
  • 丛书相关作品
  • 出版社相关作品

书目信息

  • 表格格式
  • 工作单格式
  • 卡片格式
题名:
荣格
    
 
作者: 曾江江 著
分册:  
出版信息: 北京   北京师范大学出版社  2013
页数: 185页
开本: 21cm
丛书名: 世界著名心理学家
单 册:
中图分类: B84-065
科图分类:
主题词:
电子资源:
ISBN: 978-7-303-15314-5
000 00897oam2 2200253 450
001 337714
005 20150526094404.59
010    @a978-7-303-15314-5@dCNY18.00
100    @a20130326d2013 em y0chiy50 ea
101 0  @achi
102    @aCN@b110000
105    @aa z 000yd
106    @ar
200 1  @a荣格@Arong ge@f曾江江著
210    @a北京@c北京师范大学出版社@d2013
215    @a185页@c图@d21cm
225 2  @a世界著名心理学家
330    @a本书是介绍荣格精神分析的专著。全书共5章, 内容包括: 成长的经历、学校教育与职业选择、医学生涯及其精神分析运动、精神探索与游历考察、分析心理学产生的背景、人格心理学的理论体系、荣格的心理治疗、积极的心理大师等。
410  0 @12001 @a世界著名心理学家
600  0 @a荣格@c(Jung, Carl Gustav@f1875-1961)@x精神分析@x研究
690    @aB84-065@v5
701  0 @a曾江江@Azeng jiang jiang@4著
801  0 @aCN@b卓展宏图@c20150525
905    @dB84-065@e1235@f4
    
    荣格/曾江江著.-北京:北京师范大学出版社,2013
    185页:图;21cm.-(世界著名心理学家)
    
    
    ISBN 978-7-303-15314-5:CNY18.00
    本书是介绍荣格精神分析的专著。全书共5章, 内容包括: 成长的经历、学校教育与职业选择、医学生涯及其精神分析运动、精神探索与游历考察、分析心理学产生的背景、人格心理学的理论体系、荣格的心理治疗、积极的心理大师等。
●
相关链接 在E读中查询图书 在五车中查询图书 在当当中查询图书 在豆瓣中查询图书


正题名:荣格     索取号:B84-065/1235         预约/预借

序号 登录号 条形码 馆藏地/架位号 状态 备注
1 854402   208544020   第一样本阅览室/ [索取号:B84-065/1235] 在馆    
2 854403   208544039   第一借阅区/ [索取号:B84-065/1235] 在馆    
3 854404   208544048   教育系资料室/ [索取号:B84-065/1235] 在馆    
4 854405   208544057   第一借阅区/ [索取号:B84-065/1235] 在馆    
欢迎您!
大连网信软件有限公司© 版权所有